| 000 | 00713cam a22002411 4500 | ||
|---|---|---|---|
| 001 | sa 65008213 | ||
| 003 | DLC | ||
| 005 | 20260227112154.0 | ||
| 008 | 870915s1963 ii d 000 0 eng | ||
| 010 | _asa 65008213 | ||
| 025 | _aPL480:I-E-4150 | ||
| 035 | _a(OCoLC)16687051 | ||
| 040 |
_aDLC _cWaU _dWaU _dDLC |
||
| 041 | 0 | _aenghinpan | |
| 042 | _apremarc | ||
| 050 | 0 | 0 |
_aPK2636 _b.S53 |
| 100 | 0 |
_aPrema Prakāsha Siṅgha, _d1926- |
|
| 245 | 1 | 2 | _aA tri-lingual glossary of literary terms (English-Hindi-Panjabi) |
| 260 |
_aLudhiana, _bLahore Book Shop _c[1963] |
||
| 300 |
_a156, iv p. _c22 cm. |
||
| 650 | 0 |
_aEnglish language _xDictionaries _xHindi. |
|
| 650 | 0 |
_aEnglish language _xDictionaries _xPanjabi. |
|
| 999 |
_c65643 _d65643 |
||